| 000 | 00997cam a2200301 a 4500 | ||
|---|---|---|---|
| 999 |
_c3120 _d3120 |
||
| 001 | 12198218 | ||
| 003 | GZU | ||
| 005 | 20201118083040.0 | ||
| 008 | 001002s1999 enk b 001 0 eng | ||
| 010 | _a 00456437 | ||
| 020 | _a0333753585 | ||
| 035 | _a(UkLWHE)e000224052 | ||
| 040 |
_aDLC _cDLC _dDLC |
||
| 043 | _ae-uk--- | ||
| 050 | 0 | 0 |
_aKD3009 _b.L63 1999 |
| 082 | 0 | 0 |
_a344.4101 _221 |
| 100 | 1 | _aLockton, Deborah. | |
| 245 | 1 | 0 |
_aEmployment law / _cDeborah J. Lockton. |
| 250 | _a3rd ed. | ||
| 260 |
_aHoundsmills, Basingstoke, Hampshire : _bMacmillan, _c1999. |
||
| 300 |
_axliii, 339 p. ; _c22 cm. |
||
| 440 | 0 | _aMacmillan law masters | |
| 504 | _aIncludes bibliographical references and index. | ||
| 650 | 0 |
_aLabor laws and legislation _zGreat Britain. |
|
| 906 |
_a7 _bcbc _corigres _d2 _encip _f20 _gy-gencatlg |
||
| 942 |
_2lcc _cBK _e3rd ed. _h3009 _iLOC _kKD _m1994 |
||